1262 1826 1608 1966 1089 1482 1081 1669 1303 1085 1415 1523 1079 1549 1660 1634 1397 1734 1131 1625 1055 1538 1227 1813 1334 1000 1470 1647 1246 1958 1165 1828 1051 1567 1260 1405 1299 1452 1150 1057 1164 1233 1581 1183 1075 1733 1732 1804 1122 1967 1562 1699 1314 1388 1417 1949 1503 1214 1062 1911 1538 1379 1203 1053 1552 1709 1391 1975 1559 1170 1808 1556 1301 1394 1169 1500 1948 1978 1061 1477 1050 1727 1594 1147 1062 1128 1436 1181 1455 1099 1881 1331 1479 1981 1340 1153 1644 1833 1581 BCNSPRNW ULIB Ver.6.0+V

เปลี่ยนเป็นภาษาไทย

Change to English
 แสดงรายละเอียดบรรณานุกรม
  กลับหน้าหลัก

Brief Record : Get Marc (ISO 2709) : E-mail record : QR code < ปิดหน้าต่าง
LEADER : 00000nam 2200000uu 4500
001    13399128656
003     ULIB
008    230925s||||||||th 000 0 tha d
020 ^  ^a9786160035779
050 ^  ^aนว^bณ429ณ
100 0  ^aณารา.
245 ^  ^aณ ปลายรุ้งฉันจะรอเธอ =^bOver the rainbow /^cณารา.
246 3  ^aOver the rainbow
250 ^  ^aพิมพ์ครั้งที่ 1.
260 ^  ^aกรุงเทพฯ :^bพิมพ์คำ,^c2562.
300 ^  ^a552 หน้า ;^c21 ซม.
945    ^p380^l0^i30017
999    ^aกัณชพร จุลอักษร
รายการนี้ยังไม่มีแท็ก
คุณยังไม่ได้ล็อกอิน คุณสามารถมีกิจกรรมร่วมกับเว็บไซต์ได้ แต่ต้องล็อกอินก่อน ::
  ล็อกอิน

รายการสื่อสารสนเทศ

ลำดับที่ ประเภท เลขเรียก/บาร์โค้ด สถานที่ สถานะ
1. วิทยาศาสตร์การแพทย์ และสุขภาพ
วิทยาศาสตร์การแพทย์ และสุขภาพ
นว ณ429ณ ฉ.1 
  Barcode: 30017
ห้องสมุดวิทยาเขตสวรรค์ประชารักษ์
►นวนิยาย
บนชั้น
  ขอยืม

รายการใกล้เคียง
    ผู้แต่ง [ณารา.]

BibComment


ยังไม่เคยถูกคอมเมนท์

คอมเมนท์ทรัพยากรรายการนี้
  คอมเมนท์: ณ ปลายรุ้งฉันจะร..


 Copyright 2026. Bcnsprnw @Library